[Event "CAN-ch U12"]
[Site "Vancouver"]
[Date "2012.07.05"]
[Round "7"]
[White "Wu, Brenden"]
[Black "Banwait, Gursimmer"]
[Result "1-0"]
[WhiteElo "860"]
[BlackElo "1053"]
[PlyCount "77"]
[EventDate "2012.07.03"]
[EventType "swiss"]
[EventRounds "7"]
[EventCountry "CAN"]
[SourceTitle "EXT 2022"]
[Source "ChessBase"]
[SourceDate "2021.10.06"]
[SourceVersion "1"]
[SourceVersionDate "2021.10.06"]
[SourceQuality "1"]

1. d4 d5 2. Bf4 Nc6 3. Nf3 Bf5 4. c3 Nf6 5. Nbd2 e6 6. e3 Bd6 7. Be5 Bxe5 8. Nxe5 Nxe5 9. dxe5 Ne4 10. Nxe4 Bxe4 11. Qd4 c6 12. c4 Bg6 13. cxd5 Qa5+ 14. b4 Qxd5 15. Qxd5 cxd5 16. Bb5+ Ke7 17. 0-0 a6 18. Be2 Rac8 19. Rac1 Rxc1 20. Rxc1 f6 21. Rc7+ Kf8 22. Rxb7 fxe5 23. Bxa6 Bh5 24. Be2 g6 25. g4 Bxg4 26. Bxg4 h5 27. Bxe6 d4 28. exd4 exd4 29. Rb8+ Kg7 30. Rxh8 Kxh8 31. Bc4 g5 32. b5 Kg7 33. b6 d3 34. Bxd3 g4 35. b7 Kh6 36. b8Q Kg5 37. Qe5+ Kh4 38. Qf6+ Kh3 39. Bf1# 1-0

[Event "CAN-ch U12"]
[Site "Vancouver"]
[Date "2012.07.03"]
[Round "1"]
[White "Xu, Jingzhi"]
[Black "Wu, Brenden"]
[Result "1-0"]
[WhiteElo "1317"]
[BlackElo "860"]
[PlyCount "53"]
[EventDate "2012.07.03"]
[EventType "swiss"]
[EventRounds "7"]
[EventCountry "CAN"]
[SourceTitle "EXT 2022"]
[Source "ChessBase"]
[SourceDate "2021.10.06"]
[SourceVersion "1"]
[SourceVersionDate "2021.10.06"]
[SourceQuality "1"]

1. e4 d6 2. Nc3 g6 3. Bc4 Bg7 4. Nf3 Nf6 5. d3 e5 6. Bg5 Nbd7 7. Qd2 0-0 8. h3 Nc5 9. g4 h5 10. gxh5 gxh5 11. Bh6 Nh7 12. Rg1 Ne6 13. Bxe6 fxe6 14. Bxg7 Kf7 15. Bxf8 Qxf8 16. Ng5+ Nxg5 17. Qxg5 Ke8 18. Nb5 Kd7 19. Qxh5 d5 20. Qh7+ Kc6 21. a4 Bd7 22. exd5+ exd5 23. Rg6+ Kc5 24. Qxd7 c6 25. c3 a6 26. Qxb7 Qe8 27. b4# 1-0